[Event "Belgrade-chT Quality"]
[Site "Belgrade"]
[Date "2015.10.03"]
[Round "1"]
[White "Dikic, Veljko"]
[Black "Petrovic, Zarko"]
[Result "1/2-1/2"]
[WhiteElo "1959"]
[BlackElo "2123"]
[PlyCount "86"]
[EventDate "2015.10.03"]
[EventType "team-tourn"]
[EventRounds "11"]
[EventCountry "SRB"]
[SourceTitle "EXT 2018"]
[Source "ChessBase"]
[SourceDate "2017.10.13"]
[SourceVersion "1"]
[SourceVersionDate "2017.10.13"]
[SourceQuality "1"]

1. e4 e6 2. d4 d5 3. Nd2 Nc6 4. Ngf3 Nf6 5. e5 Nd7 6. c3 Ndb8 7. Bd3 b6 8. b4 a5 9. b5 Ne7 10. a4 c5 11. bxc6 Nbxc6 12. Ba3 Ba6 13. Bxa6 Rxa6 14. 0-0 g6 15. Qe2 Ra8 16. Rab1 Rb8 17. Bd6 Rb7 18. Qa6 Qd7 19. Bxe7 Bxe7 20. Rxb6 Rxb6 21. Qxb6 0-0 22. Rb1 Rb8 23. Qa6 Rxb1+ 24. Nxb1 Qc7 25. Nbd2 Kg7 26. Nb3 Ba3 27. Nfd2 f6 28. exf6+ Kxf6 29. g3 h5 30. Qd3 Bd6 31. c4 Kg7 32. c5 Be7 33. f4 h4 34. Nf3 hxg3 35. hxg3 Bf6 36. Ne5 Bxe5 37. fxe5 Qb7 38. Qb5 Qxb5 39. axb5 a4 40. bxc6 axb3 41. c7 b2 42. c8Q b1Q+ 43. Kh2 Qc2+ 1/2-1/2

[Event "SRB-chT"]
[Site "Belgrade"]
[Date "2010.10.05"]
[Round "5"]
[White "Martic, Nemanja"]
[Black "Petrovic, Zarko"]
[Result "1/2-1/2"]
[WhiteElo "2196"]
[BlackElo "2129"]
[PlyCount "42"]
[EventDate "2010.10.01"]
[EventType "team-tourn"]
[EventRounds "11"]
[EventCountry "YUG"]
[SourceTitle "CBM 138 Extra"]
[Source "ChessBase"]
[SourceDate "2010.10.29"]
[SourceVersion "1"]
[SourceVersionDate "2010.10.29"]
[SourceQuality "1"]

1. e4 e6 2. d4 d5 3. Nc3 Nf6 4. e5 Nfd7 5. f4 c5 6. Nf3 Nc6 7. Be3 cxd4 8. Nxd4 Nxd4 9. Bxd4 Bc5 10. Bxc5 Nxc5 11. Qd4 Qb6 12. 0-0-0 Nd7 13. Qxb6 Nxb6 14. Nb5 0-0 15. Bd3 Bd7 16. Nd4 Rac8 17. b3 a6 18. Rhe1 Rc7 19. g4 Nc8 20. f5 Na7 21. a4 Nc6 1/2-1/2

[Event "SRB-chT Cup 50th"]
[Site "Mataruska Banja"]
[Date "2007.05.27"]
[Round "7"]
[White "Petrovic, Zarko"]
[Black "Savic, Miodrag R"]
[Result "0-1"]
[WhiteElo "2150"]
[BlackElo "2535"]
[PlyCount "96"]
[EventDate "2007.05.21"]
[EventType "team-tourn"]
[EventRounds "7"]
[EventCountry "YUG"]
[SourceTitle "CBM 118 Extra"]
[Source "ChessBase"]
[SourceDate "2007.07.04"]
[SourceVersion "1"]
[SourceVersionDate "2007.07.04"]
[SourceQuality "1"]

1. d4 d5 2. Nf3 Nf6 3. Bg5 Nbd7 4. Nbd2 e6 5. e3 Be7 6. Bd3 h6 7. Bh4 b6 8. 0-0 Bb7 9. c3 c5 10. Ne5 Nxe5 11. dxe5 Nd7 12. Bxe7 Qxe7 13. f4 0-0-0 14. a4 f6 15. a5 c4 16. exf6 gxf6 17. Bc2 Qc5 18. Qe1 Rhg8 19. b4 Qd6 20. e4 Kb8 21. Qe3 Rg7 22. Nf3 Rdg8 23. g3 e5 24. f5 d4 25. Rad1 d3 26. Ba4 h5 27. Kf2 h4 28. Rg1 Rg4 29. Nd2 hxg3+ 30. hxg3 bxa5 31. Nxc4 Qc7 32. Nd2 axb4 33. cxb4 Nb6 34. Bb5 Rd8 35. Bxd3 Rg7 36. g4 Qc3 37. Nf3 Rgd7 38. Be2 Qxb4 39. Rxd7 Nxd7 40. Ra1 Nc5 41. g5 Nxe4+ 42. Kg1 Qb6 43. Qxb6 axb6 44. gxf6 Nxf6 45. Nxe5 Re8 46. Ng4 Nxg4 47. Bxg4 Rg8 48. Ra4 Bf3 0-1

[Event "SRB-chT Cup 50th"]
[Site "Mataruska Banja"]
[Date "2007.05.26"]
[Round "6"]
[White "Petrovic, Zarko"]
[Black "Vilimonovic, Bozidar"]
[Result "1/2-1/2"]
[WhiteElo "2150"]
[BlackElo "2205"]
[PlyCount "26"]
[EventDate "2007.05.21"]
[EventType "team-tourn"]
[EventRounds "7"]
[EventCountry "YUG"]
[SourceTitle "CBM 118 Extra"]
[Source "ChessBase"]
[SourceDate "2007.07.04"]
[SourceVersion "1"]
[SourceVersionDate "2007.07.04"]
[SourceQuality "1"]

1. d4 e6 2. Nf3 Nf6 3. Bg5 Be7 4. Nbd2 d5 5. e3 0-0 6. Bd3 c5 7. c3 cxd4 8. exd4 h6 9. Bh4 Nc6 10. 0-0 Nd7 11. Bxe7 Qxe7 12. Re1 b6 13. Qc2 Bb7 1/2-1/2

[Event "SRB-chT Cup 50th"]
[Site "Mataruska Banja"]
[Date "2007.05.25"]
[Round "5"]
[White "Petrovic, Zarko"]
[Black "Dobrijevic, Milan"]
[Result "1/2-1/2"]
[WhiteElo "2150"]
[BlackElo "2203"]
[PlyCount "80"]
[EventDate "2007.05.21"]
[EventType "team-tourn"]
[EventRounds "7"]
[EventCountry "YUG"]
[SourceTitle "CBM 118 Extra"]
[Source "ChessBase"]
[SourceDate "2007.07.04"]
[SourceVersion "1"]
[SourceVersionDate "2007.07.04"]
[SourceQuality "1"]

1. d4 Nf6 2. Nf3 g6 3. Bg5 Bg7 4. Nbd2 d5 5. e3 c5 6. c3 Qb6 7. Qb3 0-0 8. Be2 Nbd7 9. 0-0 Re8 10. Rfe1 Qxb3 11. axb3 e5 12. dxe5 Nxe5 13. Nxe5 Rxe5 14. Bf4 Re8 15. h3 Bd7 16. Nf3 Ne4 17. Red1 Bc6 18. Bf1 Re7 19. Nd2 Nxd2 20. Rxd2 Rd7 21. b4 cxb4 22. cxb4 d4 23. b5 Be4 24. Rad1 d3 25. f3 Bf5 26. e4 Be6 27. Bxd3 Rad8 28. Kf2 Kf8 29. Be2 Rxd2 30. Rxd2 Rxd2 31. Bxd2 Bxb2 32. Be3 b6 33. g4 Ke7 34. f4 Kd6 35. Bd3 Bb3 36. Kg3 Bc3 37. Kh4 Bf6+ 38. Kg3 Bc3 39. Kh4 Bf6+ 40. Kg3 Bc3 1/2-1/2

[Event "SRB-chT Cup 50th"]
[Site "Mataruska Banja"]
[Date "2007.05.24"]
[Round "4"]
[White "Draskovic, Dragan"]
[Black "Petrovic, Zarko"]
[Result "1/2-1/2"]
[WhiteElo "2121"]
[BlackElo "2150"]
[PlyCount "44"]
[EventDate "2007.05.21"]
[EventType "team-tourn"]
[EventRounds "7"]
[EventCountry "YUG"]
[SourceTitle "CBM 118 Extra"]
[Source "ChessBase"]
[SourceDate "2007.07.04"]
[SourceVersion "1"]
[SourceVersionDate "2007.07.04"]
[SourceQuality "1"]

1. d4 d5 2. c4 e6 3. Nf3 Nf6 4. Bg5 Nbd7 5. e3 c6 6. a3 Qa5+ 7. Nbd2 dxc4 8. Bxc4 Be7 9. 0-0 e5 10. b4 Qc7 11. Qb3 0-0 12. dxe5 Nxe5 13. Nxe5 Qxe5 14. Nf3 Qf5 15. e4 Qg4 16. h3 Qh5 17. Qe3 h6 18. Bh4 Re8 19. Bg3 Bd8 20. Rad1 Bb6 21. Qb3 Nxe4 22. Bh2 Be6 1/2-1/2

[Event "Belgrade tt Cup"]
[Site "Belgrade"]
[Date "2007.04.09"]
[Round "1.7"]
[White "Petrovic, Zarko"]
[Black "Rajcevic, Stevan"]
[Result "0-1"]
[WhiteElo "2150"]
[BlackElo "2127"]
[PlyCount "74"]
[EventDate "2007.04.09"]
[EventType "tourn"]
[EventRounds "5"]
[EventCountry "YUG"]
[SourceTitle "EXT 2008"]
[Source "ChessBase"]
[SourceDate "2007.11.25"]
[SourceVersion "1"]
[SourceVersionDate "2007.11.25"]
[SourceQuality "1"]

1. d4 d5 2. Nf3 Nf6 3. Bg5 c6 4. c3 Bf5 5. Nbd2 Ne4 6. Bh4 h6 7. e3 g5 8. Bg3 Nxg3 9. hxg3 Bg7 10. Be2 Nd7 11. 0-0 0-0 12. Re1 Re8 13. Qb3 Qb6 14. Bf1 e5 15. Nxe5 Nxe5 16. dxe5 Bxe5 17. Nf3 Bg7 18. Nd4 Bg6 19. g4 Re4 20. Bd3 Rxd4 21. exd4 Bxd3 22. Re7 Qxb3 23. axb3 Ba6 24. Rae1 Kf8 25. b4 Bf6 26. Rd7 Re8 27. Re3 Rxe3 28. fxe3 Ke8 29. Rc7 Bd8 30. Rc8 Kd7 31. Ra8 Be2 32. Rxa7 Kc7 33. Ra8 Bxg4 34. Kf2 h5 35. Ra1 h4 36. Rf1 Be6 37. Kf3 Be7 0-1

[Event "YUG-chT2"]
[Site "Tivat"]
[Date "1995.??.??"]
[Round "10"]
[White "Kostic, Filip"]
[Black "Petrovic, Zarko"]
[Result "0-1"]
[WhiteElo "2165"]
[BlackElo "2205"]
[PlyCount "96"]
[EventDate "1995.??.??"]
[EventType "team-tourn"]
[EventRounds "11"]
[EventCountry "YUG"]
[SourceTitle "EXT 2002"]
[Source "ChessBase"]
[SourceDate "2001.11.25"]
[SourceVersion "1"]
[SourceVersionDate "2001.11.25"]
[SourceQuality "1"]

1. d4 e6 2. c4 d5 3. Nc3 Nf6 4. cxd5 exd5 5. Bg5 c6 6. e3 Be7 7. Bd3 Nbd7 8. Nf3 0-0 9. 0-0 Re8 10. Qc2 Nf8 11. Rab1 a5 12. a3 Ng6 13. b4 axb4 14. axb4 Bd6 15. Rfc1 Bg4 16. Nd2 h6 17. Bxf6 Qxf6 18. b5 Nh4 19. bxc6 Bxh2+ 20. Kxh2 Qxf2 21. Rg1 Rxe3 22. Kh1 bxc6 23. Nd1 Bxd1 24. Rbxd1 Nxg2 25. Nf1 Rh3+ 26. Nh2 Qxc2 27. Bxc2 Ne3 28. Rd2 Nxc2 29. Rxc2 Ra4 30. Rxc6 Rxd4 31. Rc8+ Kh7 32. Kg2 Rdd3 33. Nf1 g5 34. Kf2 Kg6 35. Rc6+ f6 36. Rg4 h5 37. Ra4 h4 38. Raa6 Rhf3+ 39. Ke2 Rb3 40. Nh2 Rf4 41. Ng4 Rxg4 42. Rxf6+ Kg7 43. Rg6+ Kf7 44. Raf6+ Ke7 45. Re6+ Kd7 46. Rd6+ Kc7 47. Rxd5 Rg2+ 48. Kf1 h3 0-1

[Event "YUG-chT2"]
[Site "Tivat"]
[Date "1995.??.??"]
[Round "8"]
[White "Pejovic, Jovan"]
[Black "Petrovic, Zarko"]
[Result "1-0"]
[WhiteElo "2225"]
[BlackElo "2205"]
[PlyCount "87"]
[EventDate "1995.??.??"]
[EventType "team-tourn"]
[EventRounds "11"]
[EventCountry "YUG"]
[SourceTitle "EXT 2002"]
[Source "ChessBase"]
[SourceDate "2001.11.25"]
[SourceVersion "1"]
[SourceVersionDate "2001.11.25"]
[SourceQuality "1"]

1. d4 e6 2. c4 d5 3. Nc3 Nf6 4. cxd5 exd5 5. Bg5 Nbd7 6. e3 c6 7. Qc2 Be7 8. Bd3 0-0 9. Nf3 Re8 10. 0-0 Nf8 11. Rab1 a5 12. a3 Ne4 13. Bxe7 Qxe7 14. Bxe4 dxe4 15. Nd2 Bf5 16. Rfc1 Ng6 17. b4 axb4 18. axb4 Nh4 19. Ne2 Qg5 20. Ng3 Bg6 21. Qc5 f5 22. Ra1 h5 23. Ndxe4 Qh6 24. Nd6 Rxa1 25. Rxa1 Rf8 26. f4 Nxg2 27. Kxg2 h4 28. Ne2 Bh5 29. Kf2 Bxe2 30. Kxe2 Rf6 31. Kd2 Rxd6 32. Ra8+ Kh7 33. Qxf5+ Qg6 34. Rf8 Qxf5 35. Rxf5 Kh6 36. Rg5 Rd8 37. Rg4 Kh5 38. Rxg7 Ra8 39. h3 Ra2+ 40. Kd3 Kh6 41. Rg4 Kh5 42. Rg8 Ra3+ 43. Ke4 Rb3 44. f5 1-0